[Event "Gran Canaria U1900 op"]
[Site "Gran Canaria"]
[Date "2022.12.27"]
[Round "1"]
[White "Reinoso Andre, Lazaro Javier"]
[Black "Roque Hernandez, Francisco"]
[Result "1-0"]
[WhiteElo "1618"]
[BlackElo "1275"]
[PlyCount "37"]
[EventDate "2022.12.27"]
[EventType "swiss"]
[EventRounds "7"]
[EventCountry "ESP"]
[SourceTitle "CBM 212 Extra"]
[Source "ChessBase"]
[SourceDate "2023.03.31"]
[SourceVersion "1"]
[SourceVersionDate "2023.03.31"]
[SourceQuality "1"]

1. d4 Nf6 2. Nf3 e6 3. Nbd2 d5 4. e3 c5 5. c3 cxd4 6. exd4 Nc6 7. Bd3 Bd6 8. Qe2 0-0 9. 0-0 a6 10. Ne5 Qc7 11. Ndf3 h6 12. Nxc6 Qxc6 13. Ne5 Qe8 14. Qf3 b5 15. Bxh6 gxh6 16. Qxf6 Bxe5 17. dxe5 h5 18. Qg5+ Kh8 19. Qh6+ 1-0

[Event "Vecindario Montalvo Memorial 14th"]
[Site "Vecindario"]
[Date "2022.09.09"]
[Round "7"]
[White "Roque Hernandez, Francisco"]
[Black "Guerra Aleman, Marcial"]
[Result "0-1"]
[WhiteElo "1299"]
[BlackElo "1670"]
[PlyCount "68"]
[EventDate "2022.09.04"]
[EventType "swiss"]
[EventRounds "9"]
[EventCountry "ESP"]
[SourceTitle "CBM 210 Extra"]
[Source "ChessBase"]
[SourceDate "2022.11.30"]
[SourceVersion "1"]
[SourceVersionDate "2022.11.30"]
[SourceQuality "1"]

1. c4 e6 2. g3 g6 3. Bg2 Bg7 4. Nc3 Ne7 5. d3 0-0 6. Nf3 d5 7. cxd5 Nxd5 8. Nxd5 exd5 9. 0-0 c6 10. Rb1 Bf5 11. Nh4 Bg4 12. Re1 Nd7 13. h3 Be6 14. Bf4 g5 15. Qb3 gxf4 16. Qxb7 fxg3 17. fxg3 Qb6+ 18. Qxb6 axb6 19. a3 Nc5 20. Nf3 Nb3 21. e4 dxe4 22. dxe4 Rfd8 23. Re3 Nd2 24. Nxd2 Rxd2 25. e5 Rc8 26. b3 c5 27. g4 Rcd8 28. Ree1 Ra2 29. a4 Rdd2 30. Bf1 Bd5 31. b4 Rh2 32. Re2 Raxe2 33. Bxe2 Rh1+ 34. Kf2 Rxb1 0-1

[Event "Gran Canaria Santana Memorial 7th"]
[Site "Gran Canaria"]
[Date "2019.11.14"]
[Round "4"]
[White "Roque Hernandez, Francisco"]
[Black "Monteiro Rodrigues, Carlos"]
[Result "1/2-1/2"]
[WhiteElo "1264"]
[BlackElo "1505"]
[PlyCount "26"]
[EventDate "2019.11.05"]
[EventType "swiss"]
[EventRounds "7"]
[EventCountry "ESP"]
[SourceTitle "CBM 193 Extra"]
[Source "ChessBase"]
[SourceDate "2020.01.31"]
[SourceVersion "1"]
[SourceVersionDate "2020.01.31"]
[SourceQuality "1"]

1. e4 e5 2. Nf3 Nc6 3. Bb5 Nd4 4. Nxd4 exd4 5. 0-0 Be7 6. Qg4 Bf6 7. f4 c6 8. Ba4 Nh6 9. Qf3 0-0 10. d3 d6 11. f5 Kh8 12. Bb3 Ng8 13. Qh3 Qe7 1/2-1/2

[Event "Gran Canaria Cabildo op"]
[Site "Gran Canaria"]
[Date "2019.03.26"]
[Round "5"]
[White "Monteiro Rodrigues, Carlos"]
[Black "Roque Hernandez, Francisco"]
[Result "1-0"]
[WhiteElo "1394"]
[BlackElo "1298"]
[PlyCount "51"]
[EventDate "2019.03.12"]
[EventType "swiss"]
[EventRounds "7"]
[EventCountry "ESP"]
[SourceTitle "CBM 189 Extra"]
[Source "ChessBase"]
[SourceDate "2019.06.03"]
[SourceVersion "1"]
[SourceVersionDate "2019.06.03"]
[SourceQuality "1"]

1. e4 e5 2. Nf3 Nc6 3. Bc4 Bc5 4. b4 Bxb4 5. c3 Be7 6. d4 exd4 7. cxd4 Bb4+ 8. Nbd2 Nh6 9. 0-0 0-0 10. Nb3 Qf6 11. e5 Qg6 12. Bd3 f5 13. d5 Ne7 14. Bc4 Kh8 15. Rb1 a5 16. Nbd4 Nf7 17. a3 Bc5 18. Bb2 Nd8 19. Nb5 Bb6 20. Nxc7 Bxc7 21. d6 Bxd6 22. exd6 Nec6 23. Re1 Nf7 24. Bxf7 Qxf7 25. Re2 Nd8 26. Re7 1-0

[Event "Gran Canaria Cabildo op"]
[Site "Gran Canaria"]
[Date "2019.03.19"]
[Round "3"]
[White "Roque Hernandez, Francisco"]
[Black "Marrero Rodriguez, Jorge"]
[Result "0-1"]
[WhiteElo "1298"]
[BlackElo "1367"]
[PlyCount "54"]
[EventDate "2019.03.12"]
[EventType "swiss"]
[EventRounds "7"]
[EventCountry "ESP"]
[SourceTitle "CBM 189 Extra"]
[Source "ChessBase"]
[SourceDate "2019.06.03"]
[SourceVersion "1"]
[SourceVersionDate "2019.06.03"]
[SourceQuality "1"]

1. e4 e5 2. f4 Bc5 3. Bc4 d6 4. Nf3 Bg4 5. fxe5 dxe5 6. Bxf7+ Kf8 7. Rf1 Nf6 8. Nc3 Bxf3 9. Rxf3 Kxf7 10. Nd5 Nbd7 11. d4 exd4 12. Bf4 Re8 13. Nxf6 Nxf6 14. e5 Qd5 15. Qd3 Rxe5+ 16. Kd2 Bb4+ 17. c3 dxc3+ 18. bxc3 Qxd3+ 19. Rxd3 Rf5 20. Bxc7 Rc8 21. cxb4 Rxc7 22. Re1 Rf2+ 23. Re2 Rc2+ 24. Kxc2 Rxe2+ 25. Rd2 Rxd2+ 26. Kxd2 Ke6 27. Kc3 Nd5+ 0-1

[Event "Gran Canaria op Seniors"]
[Site "Gran Canaria"]
[Date "2019.02.14"]
[Round "3"]
[White "Garcia Caballero, Luis"]
[Black "Roque Hernandez, Francisco"]
[Result "1-0"]
[WhiteElo "1692"]
[BlackElo "1275"]
[PlyCount "86"]
[EventDate "2019.02.07"]
[EventType "swiss"]
[EventRounds "7"]
[EventCountry "ESP"]
[SourceTitle "CBM 189 Extra"]
[Source "ChessBase"]
[SourceDate "2019.06.03"]
[SourceVersion "1"]
[SourceVersionDate "2019.06.03"]
[SourceQuality "1"]

1. e4 g6 2. d4 Bg7 3. Nf3 d6 4. c4 Bg4 5. Be2 Nf6 6. Nc3 Nbd7 7. Be3 0-0 8. Qd2 e5 9. d5 a6 10. h3 Bxf3 11. Bxf3 b6 12. Bg5 Qb8 13. 0-0 b5 14. cxb5 axb5 15. b4 Ra3 16. Qb2 Ra7 17. Be2 Rb7 18. a3 Rc8 19. Bd3 h6 20. Be3 c5 21. dxc6 Rxc6 22. Rfc1 Ne8 23. Nd5 Rxc1+ 24. Rxc1 Kf8 25. Rc6 Ndf6 26. Qc1 Nxd5 27. exd5 Ke7 28. Bxh6 Bxh6 29. Qxh6 Nf6 30. Qg5 Qd8 31. f4 exf4 32. Qxf4 Nxd5 33. Qe4+ Kd7 34. Qxd5 Qf6 35. Rxd6+ Qxd6 36. Qxb7+ Ke6 37. Qxb5 Qd4+ 38. Kh1 Qa1+ 39. Kh2 Qxa3 40. Bc4+ Kf6 41. Qc6+ Kg7 42. Qb7 Kh6 43. Bxf7 Qe3 1-0

[Event "Gran Canaria Cabildo op"]
[Site "Gran Canaria"]
[Date "2018.04.06"]
[Round "6"]
[White "Roque Hernandez, Francisco"]
[Black "Perez Bolanos, Joel"]
[Result "0-1"]
[WhiteElo "1285"]
[BlackElo "1683"]
[PlyCount "86"]
[EventDate "2018.03.06"]
[EventType "swiss"]
[EventRounds "7"]
[EventCountry "ESP"]
[SourceTitle "CBM 183 Extra"]
[Source "ChessBase"]
[SourceDate "2018.04.19"]
[SourceVersion "1"]
[SourceVersionDate "2018.04.19"]
[SourceQuality "1"]

1. d4 Nf6 2. c4 g6 3. Nc3 Bg7 4. e4 0-0 5. f4 d6 6. Be2 c5 7. Nf3 Bg4 8. d5 e6 9. h3 Bxf3 10. Bxf3 exd5 11. Nxd5 Nxd5 12. Qxd5 Qh4+ 13. Ke2 Nc6 14. Be3 Nb4 15. Qd2 Rfe8 16. a3 Nc6 17. Rab1 f5 18. Bf2 Qe7 19. Qd5+ Kh8 20. Rhe1 fxe4 21. Kf1 Qf8 22. Rxe4 Rxe4 23. Bxe4 Qxf4 24. Kg1 Rf8 25. Rf1 Bxb2 26. Qd3 Ne5 27. Qe2 Bd4 28. Bxd4 Qxf1+ 29. Qxf1 Rxf1+ 30. Kxf1 cxd4 31. Bxb7 Nxc4 32. a4 Kg7 33. Ke2 Ne5 34. a5 d3+ 35. Ke3 Nc4+ 36. Kxd3 Nxa5 37. Bd5 Kf6 38. Ke4 Ke7 39. g4 Kd7 40. h4 Nc6 41. h5 Ne7 42. hxg6 Nxd5 43. g7 Ne7 0-1

[Event "Las Palmas Montalvo Memorial 11th"]
[Site "Las Palmas"]
[Date "2018.03.26"]
[Round "4"]
[White "Mamani Beltran, Deniman"]
[Black "Roque Hernandez, Francisco"]
[Result "1-0"]
[WhiteElo "1510"]
[BlackElo "1285"]
[PlyCount "67"]
[EventDate "2018.03.24"]
[EventType "swiss"]
[EventRounds "9"]
[EventCountry "ESP"]
[SourceTitle "CBM 183 Extra"]
[Source "ChessBase"]
[SourceDate "2018.04.19"]
[SourceVersion "1"]
[SourceVersionDate "2018.04.19"]
[SourceQuality "1"]

1. e4 Nf6 2. Nc3 d6 3. d4 g6 4. f4 Bg4 5. Be2 Bxe2 6. Ngxe2 Bg7 7. 0-0 h5 8. h3 0-0 9. f5 Nh7 10. Be3 Nd7 11. Nf4 e5 12. fxe6 fxe6 13. Nxe6 Rxf1+ 14. Qxf1 Qe7 15. Nxc7 Rf8 16. Qc4+ Kh8 17. Qe6 Qd8 18. Qxd6 Rf6 19. Ne6 Qc8 20. Qe7 Bf8 21. Nxf8 Ndxf8 22. Bh6 Ne6 23. Be3 Kg8 24. d5 Nd8 25. Bg5 Rf8 26. Bh6 Rf7 27. Qe8+ Nf8 28. Bxf8 Rxf8 29. Qxg6+ Kh8 30. Qxh5+ Kg7 31. Qg5+ Kh7 32. Qh4+ Kg7 33. Kh2 Qc7+ 34. Qg3+ 1-0

[Event "Gran Canaria Fiestas Dolores 2nd"]
[Site "Gran Canaria"]
[Date "2017.09.04"]
[Round "1"]
[White "Perez Guerra, Raul"]
[Black "Roque Hernandez, Francisco"]
[Result "1-0"]
[WhiteElo "1814"]
[BlackElo "1361"]
[PlyCount "55"]
[EventDate "2017.09.04"]
[EventType "swiss"]
[EventRounds "6"]
[EventCountry "ESP"]
[SourceTitle "CBM 180 Extra"]
[Source "ChessBase"]
[SourceDate "2017.10.06"]
[SourceVersion "1"]
[SourceVersionDate "2017.10.06"]
[SourceQuality "1"]

1. e4 c6 2. d4 d5 3. e5 f6 4. Bd3 f5 5. Ne2 h5 6. Nf4 h4 7. e6 Qd6 8. Bxf5 Rh6 9. Qe2 Na6 10. Nd3 Rxe6 11. Bxe6 Qxe6 12. Qxe6 Bxe6 13. 0-0 h3 14. g3 Nf6 15. f3 g6 16. Nf4 Bf5 17. g4 Bxc2 18. Na3 Nb4 19. Bd2 g5 20. Bxb4 a5 21. Nxc2 axb4 22. Nxh3 Bg7 23. Nxg5 Nd7 24. Ne6 Kf7 25. Nxg7 Kxg7 26. Nxb4 Kg6 27. Rfe1 Re8 28. Re6+ 1-0

[Event "Gran Canaria Galdos op 2nd"]
[Site "Gran Canaria"]
[Date "2017.05.03"]
[Round "1"]
[White "Cruz Pino, Adrian"]
[Black "Roque Hernandez, Francisco"]
[Result "1-0"]
[WhiteElo "2100"]
[BlackElo "1370"]
[PlyCount "37"]
[EventDate "2017.05.03"]
[EventType "swiss"]
[EventRounds "5"]
[EventCountry "ESP"]
[SourceTitle "CBM 178 Extra"]
[Source "ChessBase"]
[SourceDate "2017.06.22"]
[SourceVersion "1"]
[SourceVersionDate "2017.06.22"]
[SourceQuality "1"]

1. e4 d6 2. Bc4 e5 3. Nf3 Bg4 4. c3 Nf6 5. Qb3 Bxf3 6. Bxf7+ Kd7 7. gxf3 Kc8 8. d4 Nbd7 9. Be3 c6 10. Nd2 Qb6 11. Qc2 Be7 12. dxe5 Qc7 13. exf6 Bxf6 14. 0-0-0 Qa5 15. Nc4 Qc7 16. Nxd6+ Kb8 17. Ne8 Rxe8 18. Bxe8 Nb6 19. Qb3 1-0

[Event "Las Palmas Cabildo op"]
[Site "Las Palmas"]
[Date "2017.03.31"]
[Round "7"]
[White "Roque Hernandez, Francisco"]
[Black "Roca Marrero, Jose Miguel"]
[Result "0-1"]
[WhiteElo "1394"]
[BlackElo "1555"]
[PlyCount "88"]
[EventDate "2017.03.10"]
[EventType "swiss"]
[EventRounds "7"]
[EventCountry "ESP"]
[SourceTitle "EXT 2018"]
[Source "ChessBase"]
[SourceDate "2017.10.13"]
[SourceVersion "1"]
[SourceVersionDate "2017.10.13"]
[SourceQuality "1"]

1. g3 e5 2. Bg2 d5 3. c4 c6 4. cxd5 cxd5 5. Nc3 Nf6 6. Nf3 Nc6 7. d4 e4 8. Nd2 Nxd4 9. 0-0 Be7 10. Qa4+ Nc6 11. Rd1 Bd7 12. Qb3 Na5 13. Qc2 Rc8 14. Qb1 Bc5 15. b4 Bd4 16. bxa5 Bxc3 17. Bb2 Qxa5 18. Nb3 Qb6 19. Rc1 Bxb2 20. Rxc8+ Bxc8 21. Qxb2 0-0 22. e3 Bd7 23. h3 Rc8 24. Qd2 Ba4 25. Rb1 Rc4 26. g4 Qb4 27. Qd1 h6 28. h4 Qd6 29. Qe2 Qe5 30. Bh3 Bb5 31. Qd1 Bd7 32. Na5 Ra4 33. Nxb7 Rxa2 34. Nc5 a5 35. Nxd7 Nxd7 36. Rb7 Nc5 37. Rb5 Nd3 38. Qb3 Qa1+ 39. Kh2 Rxf2+ 40. Bg2 Qe5+ 41. Kg1 Qg3 42. Rb8+ Kh7 43. Rh8+ Kxh8 44. Qb8+ Qxb8 0-1

[Event "Gran Canaria Santana Memorial 5th"]
[Site "Gran Canaria"]
[Date "2017.02.03"]
[Round "1"]
[White "Sosa Suarez, Carla Cristina"]
[Black "Roque Hernandez, Francisco"]
[Result "1-0"]
[WhiteElo "1865"]
[BlackElo "1409"]
[PlyCount "67"]
[EventDate "2017.02.03"]
[EventType "swiss"]
[EventRounds "7"]
[EventCountry "ESP"]
[SourceTitle "CBM 177 Extra"]
[Source "ChessBase"]
[SourceDate "2017.04.27"]
[SourceVersion "1"]
[SourceVersionDate "2017.04.27"]
[SourceQuality "1"]

1. e4 e5 2. Nf3 Nc6 3. Bc4 Be7 4. d4 exd4 5. Nxd4 Ne5 6. Bb3 Nf6 7. Nc3 d6 8. h3 a6 9. f4 Ned7 10. Qf3 Nc5 11. 0-0 Nxb3 12. axb3 0-0 13. Be3 c5 14. Nf5 Bxf5 15. exf5 Qc7 16. g4 Qc6 17. g5 Qxf3 18. Rxf3 Nh5 19. Nd5 Bd8 20. c4 f6 21. Re1 fxg5 22. fxg5 Ba5 23. Ra1 Bd8 24. Rd1 Rc8 25. Bd2 Rf7 26. Re1 Kf8 27. Re6 Rc6 28. Kg2 g6 29. fxg6 Rxf3 30. Kxf3 hxg6 31. Rxg6 b5 32. Kg4 Ng7 33. Bf4 Ne8 34. h4 1-0

[Event "Las Palmas Insular-chT Primera-A"]
[Site "Las Palmas"]
[Date "2016.01.23"]
[Round "10.2"]
[White "Santana Montjoy, Javier"]
[Black "Roque Hernandez, Francisco"]
[Result "1-0"]
[WhiteElo "1794"]
[BlackElo "1409"]
[PlyCount "47"]
[EventDate "2015.10.17"]
[EventType "team-tourn"]
[EventRounds "14"]
[EventCountry "ESP"]
[SourceTitle "EXT 2017"]
[Source "ChessBase"]
[SourceDate "2016.10.25"]
[SourceVersion "1"]
[SourceVersionDate "2016.10.25"]
[SourceQuality "1"]
[WhiteTeam "La Caja de Canarias III"]
[BlackTeam "Mogan V "]
[WhiteTeamCountry "ESP"]
[BlackTeamCountry "ESP"]

1. d4 Nf6 2. c4 e6 3. Nf3 c5 4. e3 cxd4 5. exd4 Bb4+ 6. Bd2 Bxd2+ 7. Qxd2 0-0 8. Nc3 d5 9. b3 Nc6 10. Bd3 h6 11. 0-0 Re8 12. Rfe1 b6 13. Rad1 Bb7 14. Bb1 Ne7 15. Ne5 a6 16. Qf4 Rf8 17. Re3 Qe8 18. Rg3 Nh5 19. Qxh6 Nf5 20. Qxh5 g6 21. Bxf5 exf5 22. Nxg6 fxg6 23. Rxg6+ Kf7 24. Qh7# 1-0